| 000 | 00551 a2200205 4500 | ||
|---|---|---|---|
| 005 | 20260421155448.0 | ||
| 008 | 260421b |||||||| |||| 00| 0 eng d | ||
| 020 |
_a9781107619197 _cRs. 1050.00 |
||
| 040 | _aMAIN | ||
| 082 |
_a511.8 _bN554Q(10) |
||
| 100 | _aNielsen, Michael A | ||
| 245 | _aQuantum computation and quantum information | ||
| 250 | _a10th | ||
| 260 |
_bCambridge University Press _aNew Delhi _c2026 |
||
| 300 | _axxxi, 676 | ||
| 650 | _aMathematics | ||
| 650 | _aQuantum Computing | ||
| 700 | _aChuang, Isaac L | ||
| 942 | _cBK | ||
| 999 |
_c397147 _d397147 |
||